000 00901nam a22002531u 4500
001 12288
003 HDC
007 cr bn ---
008 210209p2003 my eng
040 _aHDC
100 _aSamsudin Ahmad,
_eauthor
_912813
245 0 _aPengeringan hirisan mengkudu dengan udara panas dan dinyahlembap /
_cby Samsudin Ahmad dan Shafie Alwi
260 _aSerdang :
_bMalaysian Agricultural Research and Development Institute (MARDI),
_c2003
300 _a2 pages
336 _atext
_2rdacontent
337 _acomputer
_2rdamedia
338 _aonline resource
_2rdacarrier
650 _aDehumidified
_912814
650 _aNoni fruit
_912815
856 _zRequest full-text at [email protected]
942 _2lcc
942 _cAR
942 _kJART 003075
999 _c9611
_d9611